000 00923nam a2200301 4500
003 OSt
005 20260601171004.0
008 260505b2008\\\\usaa||||\||||\00|\0\eng\d
020 _a9781580114554
020 _a1580114554
040 _aICI
_bspa
_cICI
041 _aeng
050 _aNA7615
_bB47 2009
245 1 _aBest kitchens :
_bgreen edition
264 _aUpper Saddle River, NJ :
_bCreative Homeowner Press,
_c2008
300 _a238 páginas
_bilustraciones a color ;
_c28 cm
336 _atexto
_2rdacontent
337 _asin medio
_2rdamedia
338 _avolumen
_2rdacarrier
500 _aObra ilustrada sobre diseño de cocinas con enfoque ecológico
650 _aCocinas
_xDiseño
650 _aArquitectura de interiores
650 _aVivienda
_xDiseño
_931907
650 _aCocinas ecológicas
_931908
650 _aDiseño sustentable
655 _2local
_aLibros ilustrados
942 _2lcc
_cB
_n1
999 _c20199
_d20199